01061nam a22002537a 4500003000500000005001700005008004100022010001000063011001000073035001100083040000900094100004100103245023000144260004000374300006100414502007700475530003600552650003400588650003700622650003600659650003400695650001400729856006400743CHAP20220329143457.0091214s2009 mx r 00010 spa d a97238 a98210 a108894 cCHAP1 aGómez Hernández, Gustavo Javier.10aEvaluación de un hidrocoloide en la producción de caña de azúcar (Saccharum officinarum L.) de temporal bajo condiciones comerciales en el Municipio de Paso del Macho, Veracruzc/por Gustavo Javier Gómez Hernández aChapingo, Méx. :bEl autor,c2009 aiv, 68 h. :bapendice, cuadros, gráfs. , ilus. , mapas aTesis (Ing. Agr. Esp. en fitotecnia) -- UACH. Departamento de Fitotecnia aTambién disponible en línea14aCaña de azúcarxMercadeo.14aCaña de azúcarxRendimiento.14aCaña de azúcarxVariedades.14aCaña de azúcarzVeracruz.14aColoides. 3Finding aiduhttp://10.13.5.2/tesis/108894.pdfzTeclea aqui